Sports Quiz

Random Sports or NFL Quiz

NFL Hall of Fame QBs (Slideshow) Quiz Stats

Quiz not verified by Sporcle

Challenge
Share
Tweet
Score 0/23 Timer 06:00
0 Plays Today
% Correct
Joe Montana
99.6%
Troy Aikman
96.4%
Dan Marino
93.2%
John Elway
92.9%
Terry Bradshaw
92.4%
Steve Young
92.3%
Jim Kelly
91.8%
Joe Namath
91.7%
Warren Moon
89.4%
Bart Starr
86.9%
Johnny Unitas
86.9%
Roger Staubach
83.8%
% Correct
Fran Tarkenton
81.4%
Dan Fouts
80.9%
Bob Griese
75.4%
Len Dawson
65.2%
Otto Graham
62.4%
Y.A. Tittle
53.6%
Sonny Jurgensen
47.1%
George Blanda
46.7%
Norm Van Brocklin
35.8%
Bobby Layne
23.7%
Bob Waterfield
13.5%

You're not logged in!

Compare scores with friends on all Sporcle quizzes.
Sign Up with Email
OR
Log In

You Might Also Like...

Show Comments

Extras

Top Quizzes Today


Score Distribution

Your Account Isn't Verified!

In order to create a playlist on Sporcle, you need to verify the email address you used during registration. Go to your Sporcle Settings to finish the process.